<?xml version="1.0" encoding="UTF-8"?>
<record
    xmlns:xsi="http://www.w3.org/2001/XMLSchema-instance"
    xsi:schemaLocation="http://www.loc.gov/MARC21/slim http://www.loc.gov/standards/marcxml/schema/MARC21slim.xsd"
    xmlns="http://www.loc.gov/MARC21/slim">

  <leader>02152aam a2200349 i 4500</leader>
  <controlfield tag="001">768714001</controlfield>
  <controlfield tag="003">CO-MdFUSB</controlfield>
  <controlfield tag="005">20241022104230.0</controlfield>
  <controlfield tag="007">ta</controlfield>
  <controlfield tag="008">241021t2001    ag ||||| |||| 00| 0 spa d</controlfield>
  <datafield tag="020" ind1=" " ind2=" ">
    <subfield code="a">987-9403-15-0</subfield>
  </datafield>
  <datafield tag="040" ind1=" " ind2=" ">
    <subfield code="b">spa</subfield>
    <subfield code="c">CO-MdFUSB</subfield>
    <subfield code="d">CO-MdFUSB</subfield>
  </datafield>
  <datafield tag="041" ind1="0" ind2=" ">
    <subfield code="a">spa</subfield>
  </datafield>
  <datafield tag="082" ind1="0" ind2="4">
    <subfield code="a">253 </subfield>
    <subfield code="2">23</subfield>
    <subfield code="b">C749</subfield>
  </datafield>
  <datafield tag="110" ind1="1" ind2=" ">
    <subfield code="a">Congreso latinoamericano de evangelizaci&#xF3;n CLADE IV (4 : 2000 : Quito)</subfield>
  </datafield>
  <datafield tag="245" ind1="1" ind2="0">
    <subfield code="a">Palabra, Esp&#xED;ritu y misi&#xF3;n : </subfield>
    <subfield code="b">el testimonio evang&#xE9;lico hacia el tercer milenio </subfield>
    <subfield code="c">/ Congreso Latinoamericano de Evangelizaci&#xF3;n (CLADE IV)</subfield>
  </datafield>
  <datafield tag="246" ind1=" " ind2=" ">
    <subfield code="b">Quito, Ecuador, 2 a 9 de septiembre de 2000.</subfield>
  </datafield>
  <datafield tag="264" ind1=" " ind2="1">
    <subfield code="a">Buenos Aires, Argentina :</subfield>
    <subfield code="b">kair&#xF3;s,</subfield>
    <subfield code="c">[2001]</subfield>
  </datafield>
  <datafield tag="264" ind1=" " ind2="4">
    <subfield code="c">&#xA9; 2001 </subfield>
  </datafield>
  <datafield tag="300" ind1=" " ind2=" ">
    <subfield code="a">217 p&#xE1;ginas</subfield>
    <subfield code="c">; 21 cm</subfield>
  </datafield>
  <datafield tag="336" ind1=" " ind2=" ">
    <subfield code="a">texto</subfield>
    <subfield code="b">txt</subfield>
    <subfield code="2">rdacontent</subfield>
  </datafield>
  <datafield tag="337" ind1=" " ind2=" ">
    <subfield code="2">rdamedia</subfield>
    <subfield code="a">sin mediaci&#xF3;n</subfield>
    <subfield code="b">n</subfield>
  </datafield>
  <datafield tag="338" ind1=" " ind2=" ">
    <subfield code="2">rdacarrier</subfield>
    <subfield code="a">volumen</subfield>
    <subfield code="b">nc</subfield>
  </datafield>
  <datafield tag="500" ind1=" " ind2=" ">
    <subfield code="a">Incluye &#xED;ndice</subfield>
  </datafield>
  <datafield tag="505" ind1=" " ind2=" ">
    <subfield code="a">La Biblia en la vida y misi&#xF3;n de la Iglesia. -- Misi&#xF3;n integral: tiempo de acci&#xF3;n solidaria en un contexto de pobreza. -- Pol&#xED;tica y Derechos Humanos. -- Presencia evang&#xE9;lica, medios de comunicaci&#xF3;n y opini&#xF3;n p&#xFA;blica. -- Presencia cristiana en el mundo acad&#xE9;mico. -- La Iglesia frente al paradigma econ&#xF3;mico actual. -- Testimonio cristiano en el &#xE1;mbito empresarial. -- El compromiso de la Iglesia con los pueblos ind&#xED;genas en Am&#xE9;rica Latina. -- Misi&#xF3;n a la familia y misi&#xF3;n de la familia. -- La Iglesia y el proyecto de Dios para la ni&#xF1;ez. -- La juventud, un gran desaf&#xED;o misionero. -- El ministerio de la p&#xE1;gina impresa en el contexto de la misi&#xF3;n.-- Pastoral al servicio de la misi&#xF3;n de Dios. -- La unidad de la Iglesia: sus desaf&#xED;os y tareas. -- Misi&#xF3;n transcultural: consideraciones b&#xED;blicas, contextuales y pr&#xE1;cticas. -- La educaci&#xF3;n teol&#xF3;gica ante el nuevo siglo. -- Exposici&#xF3;n b&#xED;blica en la era posmoderna. -- Adoraci&#xF3;n y liturgia. -- El testimonio evang&#xE9;lico hacia el tercer milenio: Palabra, Esp&#xED;ritu y Misi&#xF3;n.</subfield>
  </datafield>
  <datafield tag="563" ind1=" " ind2=" ">
    <subfield code="a">R&#xFA;stica</subfield>
  </datafield>
  <datafield tag="650" ind1="1" ind2="0">
    <subfield code="a">Evangelizaci&#xF3;n</subfield>
    <subfield code="9">362</subfield>
  </datafield>
  <datafield tag="650" ind1="1" ind2="0">
    <subfield code="a">Misiones</subfield>
    <subfield code="9">154</subfield>
  </datafield>
  <datafield tag="650" ind1="1" ind2="7">
    <subfield code="a">Iglesia</subfield>
    <subfield code="9">655</subfield>
  </datafield>
  <datafield tag="942" ind1=" " ind2=" ">
    <subfield code="c">BK</subfield>
  </datafield>
  <datafield tag="945" ind1=" " ind2=" ">
    <subfield code="a">Catherine Arias Alvarez</subfield>
  </datafield>
  <datafield tag="952" ind1=" " ind2=" ">
    <subfield code="0">0</subfield>
    <subfield code="1">0</subfield>
    <subfield code="2">ddc</subfield>
    <subfield code="4">0</subfield>
    <subfield code="7">0</subfield>
    <subfield code="8">GEN</subfield>
    <subfield code="a">FUSBC</subfield>
    <subfield code="b">FUSBC</subfield>
    <subfield code="d">2001-03-01</subfield>
    <subfield code="l">0</subfield>
    <subfield code="o">G 253 C583q </subfield>
    <subfield code="p">11543</subfield>
    <subfield code="t">Ej. 1</subfield>
    <subfield code="w">2016-01-26</subfield>
    <subfield code="y">BK</subfield>
    <subfield code="B">0</subfield>
    <subfield code="k">31</subfield>
  </datafield>
  <datafield tag="952" ind1=" " ind2=" ">
    <subfield code="0">0</subfield>
    <subfield code="1">0</subfield>
    <subfield code="2">ddc</subfield>
    <subfield code="4">0</subfield>
    <subfield code="7">0</subfield>
    <subfield code="8">GEN</subfield>
    <subfield code="a">FUSBC</subfield>
    <subfield code="b">FUSBC</subfield>
    <subfield code="d">2021-05-11</subfield>
    <subfield code="l">0</subfield>
    <subfield code="o">G 253 C583q </subfield>
    <subfield code="p">23782</subfield>
    <subfield code="r">2024-10-11 00:00:00</subfield>
    <subfield code="t">Ej. 2</subfield>
    <subfield code="w">2016-01-26</subfield>
    <subfield code="y">BK</subfield>
    <subfield code="B">0</subfield>
    <subfield code="k">31</subfield>
  </datafield>
  <datafield tag="999" ind1=" " ind2=" ">
    <subfield code="c">36558</subfield>
    <subfield code="d">36558</subfield>
  </datafield>
</record>
